000
00263nam a22001217a 4500
008
180308b xxu||||| |||| 00| 0 eng d
041
_a
eng
080
_a
621
100
_a
27
101
_a
mec
245
_a
NON LINEAR SYSTEMS INC
_c
ANDREW.K
942
_2
udc
_c
BK
999
_c
44515
_d
44515